[Event "Somar's 1st Tournament"]
[Site "SchemingMind.com"]
[Date "2009.11.17"]
[Round "-"]
[White "lame wolf"]
[Black "somar96"]
[Result "0-1"]
[WhiteCountry "INT"]
[BlackCountry "POL"]
[WhiteElo "1097"]
[WhiteRD "53"]
[BlackElo "1693"]
[BlackRD "143"]
[GameID "226929"]

1. Nf3 Nf6 2. d4 g6 3. c4 Bg7 4. b3 O-O 5. Bb2 d5 6. c5 b6 7. Qc2 Bb7 8. e3 Ne4 9. Bd3 bxc5 10. Bxe4 dxe4
11. Nfd2 cxd4 12. Bxd4 Bxd4 13. Nc3 Bxc3 14. Qxc3 Qd3 15. Qxd3 exd3 16. O-O Nd7 17. b4 Nb6 18. a3 Rad8 19. Rac1 c6 20. Ra1 e5
21. a4 f5 22. b5 c5 23. a5 Nd5 24. a6 Ba8 25. Ra3 e4 26. f3 Nb4 27. Rc1 Nc2 28. Rxc2 dxc2
0-1

[Event "Somar's 1st Tournament"]
[Site "SchemingMind.com"]
[Date "2009.11.17"]
[Round "-"]
[White "somar96"]
[Black "lame wolf"]
[Result "1-0"]
[WhiteCountry "POL"]
[BlackCountry "INT"]
[WhiteElo "1693"]
[WhiteRD "143"]
[BlackElo "1097"]
[BlackRD "53"]
[GameID "226930"]

1. e4 c5 2. Nf3 e6 3. d4 Nc6 4. d5 Nd4 5. Nxd4 cxd4 6. Qxd4 Qc7 7. Nc3 e5 8. Qd3 Nf6 9. Bg5 Be7 10. Bxf6 Bxf6
11. O-O-O d6 12. Nb5 Qc5 13. Qb3 O-O 14. Bd3 a6 15. Nc3 Qxf2 16. g3 Qc5 17. Kb1 b6 18. Na4 Qc7 19. Qxb6 Bd8 20. Qxc7 Bxc7
21. c4 Bg4 22. Rc1 Ba5 23. a3 Bd2 24. Rc2 Bf3 25. Rf1 Bg4 26. Rxd2 Bd7 27. Nb6 Rad8 28. b4 Bg4 29. c5 dxc5 30. bxc5 f5
31. exf5 Bh5 32. d6 Bg4 33. Bc4+ Kh8 34. c6 Bxf5+ 35. Rxf5 Rxf5 36. c7 Rdf8 37. d7
1-0

[Event "Somar's 1st Tournament"]
[Site "SchemingMind.com"]
[Date "2009.11.17"]
[Round "-"]
[White "nammy"]
[Black "lame wolf"]
[Result "0-1"]
[WhiteCountry "ENG"]
[BlackCountry "INT"]
[WhiteElo "885"]
[WhiteRD "57"]
[BlackElo "1055"]
[BlackRD "45"]
[GameID "226945"]

1. e4 g5 2. Nf3 g4 3. Nh4 h5 4. Nc3 Bg7 5. f3 e5 6. d3 d6 7. h3 Qxh4+ 8. g3 Qd8 9. hxg4 hxg4 10. Rg1 Bh6
11. fxg4 Bg5 12. Ne2 Bxg4 13. b3 Bxc1 14. Qxc1 Rh6 15. Nc3 Qd7 16. Be2 Bxe2 17. Qd2 Bg4 18. Rf1 f5 19. d4 Qh7 20. Rc1 fxe4
21. Qe3 Nf6 22. Nxe4 Qxe4 23. Qxe4 Nxe4 24. c3 Nxg3 25. Rd1 Bxd1 26. Rg1 Ne2 27. Rg8+ Kd7 28. Kxd1 Nxc3+ 29. Kd2 Ne4+ 30. Ke2 Nc3+
31. Kf3 Nxa2 32. Rg7+ Kc6 33. Rg4 Na6 34. Re4 exd4 35. Rxd4 Rf8+ 36. Ke4 Re6+ 37. Kd3 Kc5 38. Ra4 N2b4+ 39. Kd2 Rh6 40. Ra5+ Kb6
41. Ra1 Rf3 42. Ke2 Rxb3 43. Rd1 Rd3 44. Rf1 Rb3 45. Rf4 Rh2+ 46. Ke1 Rb1#
0-1

[Event "Somar's 1st Tournament"]
[Site "SchemingMind.com"]
[Date "2009.11.17"]
[Round "-"]
[White "nammy"]
[Black "somar96"]
[Result "0-1"]
[WhiteCountry "ENG"]
[BlackCountry "POL"]
[WhiteElo "885"]
[WhiteRD "57"]
[BlackElo "1914"]
[BlackRD "62"]
[GameID "226946"]

1. e4 c5 2. Nc3 e6 3. d3 Nc6 4. Be3 Nf6 5. g3 Nd4 6. Na4 Qa5+ 7. c3 Nc6 8. Nxc5 Bxc5 9. Nh3 Bxe3 10. fxe3 O-O
11. d4 d5 12. Nf4 Nxe4 13. Qf3 e5 14. a3 exf4 15. gxf4 Bf5 16. Rc1 Rfe8 17. Qh5 g6 18. Qxh7+ Kxh7 19. h3 Nxd4 20. exd4 Nxc3+
21. Kf2 Ne2 22. Bxe2 Qd2 23. Rb1 Rxe2+ 24. Kg1 Rg2+ 25. Kf1 Qe2#
0-1

[Event "Somar's 1st Tournament"]
[Site "SchemingMind.com"]
[Date "2009.11.17"]
[Round "-"]
[White "lame wolf"]
[Black "nammy"]
[Result "1-0"]
[WhiteCountry "INT"]
[BlackCountry "ENG"]
[WhiteElo "1055"]
[WhiteRD "45"]
[BlackElo "885"]
[BlackRD "57"]
[GameID "226947"]

1. g4 Nf6 2. g5 Nd5 3. h4 e6 4. Bg2 f6 5. d3 Nf4 6. Bxf4 Nc6 7. Bxc6 bxc6 8. Nc3 Ba6 9. f3 Rb8 10. b3 d6
11. Nh3 h6 12. gxf6 Qxf6 13. Qd2 Qxh4+ 14. Kd1 Be7 15. Qe1 Bf6 16. Qxh4 e5 17. Qh5+ Ke7 18. Be3 Ra8 19. Kd2 Rhg8 20. Qg4 d5
21. f4 h5 22. Bc5+ Ke8 23. Qe6+ Kd8 24. Qxg8+ Kd7 25. Qxa8 Bh4 26. Qxa7 Bb5 27. fxe5 Bg3 28. Nxb5 cxb5 29. a4 Bxe5 30. axb5 Bg3
31. b6 Be5 32. b7 Bf6 33. b8=Q Ke6 34. Qaxc7 g5 35. Qe8+ Kf5 36. e4+ Kg4 37. Be7 Bd4 38. Qcd7+ Kf3 39. Qxh5+ g4 40. Qdf5+ Kg2
41. Qf1+ Kg3 42. Bd6+ Be5 43. Bxe5#
1-0

[Event "Somar's 1st Tournament"]
[Site "SchemingMind.com"]
[Date "2009.11.17"]
[Round "-"]
[White "somar96"]
[Black "nammy"]
[Result "1-0"]
[WhiteCountry "POL"]
[BlackCountry "ENG"]
[WhiteElo "1693"]
[WhiteRD "143"]
[BlackElo "875"]
[BlackRD "61"]
[GameID "226948"]

1. Nf3 d6 2. e4 e6 3. d4 Nf6 4. Nc3 Bd7 5. Bc4 Bc6 6. d5 a6 7. dxc6 bxc6 8. O-O Nbd7 9. Bg5 Ne5 10. Nxe5 h6
11. Bxf6 gxf6 12. Nxc6 Qd7 13. Bd5 f5 14. Re1 Rg8 15. exf5 Qc8 16. fxe6 f6 17. e7 Bg7 18. Qh5+ Kd7 19. Qf7 a5 20. e8=Q#
1-0

[Event "Somar's 1st Tournament"]
[Site "SchemingMind.com"]
[Date "2009.11.17"]
[Round "-"]
[White "smothered mate"]
[Black "lame wolf"]
[Result "1-0"]
[WhiteCountry "POL"]
[BlackCountry "INT"]
[WhiteElo "1888"]
[WhiteRD "67"]
[BlackElo "1097"]
[BlackRD "53"]
[GameID "226992"]

1. e4 c5 2. c3 e6 3. d4 Qc7 4. Nf3 Nc6 5. Be3 d6 6. Na3 b6 7. Bb5 Bb7 8. d5 exd5 9. exd5 a6 10. dxc6 Bxc6
11. Bxc6+ Qxc6 12. O-O Nf6 13. Bg5 Be7 14. Bxf6 Bxf6 15. Re1+ Be7 16. Nc4 Ra7 17. Nxd6+ Kd7 18. Ne5+ Kc7 19. Nxc6 Kxc6 20. Qf3+ Kxd6
21. Rad1+
1-0

[Event "Somar's 1st Tournament"]
[Site "SchemingMind.com"]
[Date "2009.11.17"]
[Round "-"]
[White "smothered mate"]
[Black "nammy"]
[Result "1-0"]
[WhiteCountry "POL"]
[BlackCountry "ENG"]
[WhiteElo "1888"]
[WhiteRD "67"]
[BlackElo "875"]
[BlackRD "61"]
[GameID "226993"]

1. e4 e6 2. d4 Nc6 3. d5 Na5 4. c3 c6 5. d6 Nc4 6. Bxc4 Nf6 7. e5 Nh5 8. Qxh5 g6 9. Qg5 Be7 10. dxe7 Qc7
11. Bf4 Qb6 12. Qf6 Qxb2 13. Qxh8+ Kxe7 14. Qf6+ Kf8 15. Bh6+ Ke8 16. Bg5 a6 17. Qe7#
1-0

[Event "Somar's 1st Tournament"]
[Site "SchemingMind.com"]
[Date "2009.11.22"]
[Round "-"]
[White "smothered mate"]
[Black "somar96"]
[Result "1-0"]
[WhiteCountry "POL"]
[BlackCountry "POL"]
[WhiteElo "1924"]
[WhiteRD "71"]
[BlackElo "1896"]
[BlackRD "57"]
[GameID "226994"]

1. e4 d5 2. exd5 Qxd5 3. Nc3 Qd6 4. d4 Nf6 5. Nf3 a6 6. Be2 b5 7. O-O Bb7 8. Ne5 Nbd7 9. Bf4 Qb6 10. Bf3 e6
11. Nxd7 Nxd7 12. d5 O-O-O 13. dxe6 fxe6 14. Qe2 Bxf3 15. Qxf3 Qb7 16. Qh3 Qc6 17. Rfe1 Re8 18. Rad1 Bb4 19. Be5 Nxe5 20. Rxe5 Bxc3
21. bxc3 Kb7 22. Qe3 Re7 23. Rc5 Qb6 24. Qe4+ Kb8 25. Rc6 Qb7 26. f3 h6 27. Rxe6 Qxe4 28. Rxe4 Rxe4 29. fxe4 Re8 30. Re1 Re5
31. Kf2 Kb7 32. Ke3 Kc6 33. Kf4 Kd6 34. Re3 Ke6 35. Rg3 g5+ 36. Ke3 c5 37. Rh3 Kf7 38. Rxh6 a5 39. Ra6 a4 40. Rb6 c4
41. Kd4 Re8 42. Rxb5 Rd8+ 43. Ke3 Rd1 44. Rxg5 Re1+ 45. Kf3 Rc1 46. Rf5+ Ke6 47. h4 Rxc2 48. h5 Rxc3+ 49. Kf4 Rc2 50. g4 Rxa2
51. Rc5 Rf2+ 52. Kg5 a3 53. Rxc4 a2 54. Ra4 Ke5 55. h6 Rh2 56. Kg6 Rh4 57. h7 Rxg4+ 58. Kh5 Rg1 59. h8=Q+ Kf4 60. Qf6+ Ke3
61. Qd4+ Kf3 62. Qxg1 Kf4 63. e5+ Kf3 64. Qg4+ Ke3 65. Ra3+ Kf2 66. Rxa2+ Ke3 67. e6 Kd3 68. Ra3+ Kd2 69. Qg2+ Kc1 70. Ra1#
1-0

[Event "Somar's 1st Tournament"]
[Site "SchemingMind.com"]
[Date "2009.11.17"]
[Round "-"]
[White "lame wolf"]
[Black "smothered mate"]
[Result "0-1"]
[WhiteCountry "INT"]
[BlackCountry "POL"]
[WhiteElo "1097"]
[WhiteRD "53"]
[BlackElo "1888"]
[BlackRD "67"]
[GameID "226995"]

1. Nf3 d5 2. d4 c5 3. dxc5 e6 4. b4 a5 5. c3 b6 6. Qd4 Nc6 7. Qd3 axb4 8. Bb2 Ba6 9. Qc2 bxc5 10. cxb4 Nxb4
11. Qa4+ Ke7 12. Qd1 Nf6 13. Na3 Qa5 14. Nd2 Ne4 15. e3 Bd3 16. Nb3 Nc2#
0-1

[Event "Somar's 1st Tournament"]
[Site "SchemingMind.com"]
[Date "2009.11.17"]
[Round "-"]
[White "nammy"]
[Black "smothered mate"]
[Result "0-1"]
[WhiteCountry "ENG"]
[BlackCountry "POL"]
[WhiteElo "875"]
[WhiteRD "61"]
[BlackElo "1888"]
[BlackRD "67"]
[GameID "226996"]

1. e4 e5 2. Nc3 Nf6 3. Nf3 d6 4. Bc4 Be7 5. d4 Nbd7 6. h3 h6 7. g3 c6 8. Be3 Qc7 9. g4 g5 10. Na4 b5
11. b3 bxc4 12. bxc4 Qa5+ 13. Ke2 Qxa4 14. h4 Nxe4 15. hxg5 Nc3+ 16. Kd3 Nxd1 17. Rhxd1 e4+ 18. Kxe4 Qxc2+ 19. Kf4 hxg5+ 20. Kg3 Nf6
21. Ne1 Qe2 22. Rdc1 Qxg4#
0-1

[Event "Somar's 1st Tournament"]
[Site "SchemingMind.com"]
[Date "2009.11.22"]
[Round "-"]
[White "somar96"]
[Black "smothered mate"]
[Result "0-1"]
[WhiteCountry "POL"]
[BlackCountry "POL"]
[WhiteElo "1890"]
[WhiteRD "56"]
[BlackElo "1874"]
[BlackRD "70"]
[GameID "226997"]

1. e4 e5 2. Nf3 Nc6 3. d4 exd4 4. Nxd4 Nf6 5. Nc3 Bb4 6. Nxc6 Bxc3+ 7. bxc3 bxc6 8. e5 Qe7 9. Qd4 d6 10. Bf4 Ng4
11. Bg3 Nxe5 12. Bxe5 dxe5 13. Qe4 Bd7 14. Bc4 O-O 15. O-O Kh8 16. Rad1 f5 17. Qe3 c5 18. Rd5 Rae8 19. Qxc5 Qxc5 20. Rxc5 c6
21. Rd1 Re7 22. Kf1 f4 23. f3 e4 24. fxe4 f3 25. e5 Bg4 26. Rd2 fxg2+ 27. Kxg2 Bf3+ 28. Kg3 Be4 29. Bd3 Bd5 30. c4 Rf3+
31. Kg4 h5+ 32. Kh4 Rf4+ 33. Kg5 Rg4+ 34. Kxh5 Bf3 35. Rf2 g6+ 36. Kh6 Rh7#
0-1

[Event "Somar's 1st Tournament"]
[Site "SchemingMind.com"]
[Date "2009.11.17"]
[Round "-"]
[White "feelhow"]
[Black "lame wolf"]
[Result "0-1"]
[WhiteCountry "GBR"]
[BlackCountry "INT"]
[WhiteElo "1095"]
[WhiteRD "98"]
[BlackElo "1052"]
[BlackRD "44"]
[GameID "227009"]

1. e4 c5 2. Bc4 e6 3. Nf3 Nc6 4. d3 b6 5. Bg5 Be7 6. h4 f6 7. Bf4 e5 8. Nxe5 fxe5 9. Bg3 d6 10. Nc3 Nf6
11. Bb5 Bb7 12. O-O d5 13. Bxe5 O-O 14. Bf4 d4 15. Na4 a6 16. Nxb6 Nd7 17. Nxa8 Qxa8 18. Bc4+ Kh8 19. Qh5 Nf6
0-1

[Event "Somar's 1st Tournament"]
[Site "SchemingMind.com"]
[Date "2009.11.17"]
[Round "-"]
[White "feelhow"]
[Black "smothered mate"]
[Result "0-1"]
[WhiteCountry "GBR"]
[BlackCountry "POL"]
[WhiteElo "1095"]
[WhiteRD "98"]
[BlackElo "1874"]
[BlackRD "70"]
[GameID "227010"]

1. e4 e5 2. Bc4 Nf6 3. d3 Nc6 4. Nh3 d6 5. b3 Be7 6. Nc3 O-O 7. Bg5 Be6 8. O-O Bxh3 9. gxh3 h6 10. Nd5 hxg5
11. Nxf6+ Bxf6
0-1

[Event "Somar's 1st Tournament"]
[Site "SchemingMind.com"]
[Date "2009.11.17"]
[Round "-"]
[White "lame wolf"]
[Black "feelhow"]
[Result "1-0"]
[WhiteCountry "INT"]
[BlackCountry "GBR"]
[WhiteElo "1052"]
[WhiteRD "44"]
[BlackElo "1095"]
[BlackRD "98"]
[GameID "227013"]

1. b4 e5 2. b5 Bc5 3. Bb2 Qe7 4. a4 b6 5. f3 Nf6 6. e4 Nh5 7. d4 exd4 8. Bxd4 Bb4+ 9. c3 Bd6 10. Bf2 Qe5
11. Bd4 Qf4 12. Nh3 Qh4+ 13. Bf2 Qf6 14. Qd5 Bb7 15. Qxh5 c6 16. Nd2 Qxc3 17. Rb1 Ba3 18. Bc4
1-0

[Event "Somar's 1st Tournament"]
[Site "SchemingMind.com"]
[Date "2009.11.18"]
[Round "-"]
[White "Paris75"]
[Black "lame wolf"]
[Result "0-1"]
[WhiteCountry "FRA"]
[BlackCountry "INT"]
[WhiteElo "887"]
[WhiteRD "130"]
[BlackElo "1052"]
[BlackRD "44"]
[GameID "227019"]

1. d4 Nf6 2. Nf3 d5 3. e3 Bg4 4. Nbd2 Bxf3 5. Nxf3 e6 6. c3 c5 7. b3 Qd7 8. Bd3 Qc7 9. Bb2 c4 10. bxc4 dxc4
11. Bxc4 Bd6 12. Bd3 O-O 13. e4 Nc6 14. e5 Bxe5 15. Nxe5 Nxe5 16. dxe5 Qxe5+ 17. Qe2 Qxe2+ 18. Bxe2 Rfd8 19. Bf3 Rab8 20. Rb1 b6
21. O-O a5 22. a4 b5 23. axb5 Rxb5 24. Ba3 Rxb1 25. Rxb1 Rc8 26. g3 g6 27. Be7 Kg7 28. Bxf6+ Kxf6 29. Ra1 Rxc3 30. Kg2 Rc5
31. Ra4 e5 32. h4 h5 33. Be4 g5 34. hxg5+ Kxg5 35. Kh3 f5 36. f4+ exf4 37. gxf4+ Kxf4 38. Bd5+ Ke5 39. Bf7 Rc3+ 40. Kh4 f4
41. Rxa5+ Ke4 42. Bxh5 f3
0-1

[Event "Somar's 1st Tournament"]
[Site "SchemingMind.com"]
[Date "2009.11.18"]
[Round "-"]
[White "Paris75"]
[Black "nammy"]
[Result "0-1"]
[WhiteCountry "FRA"]
[BlackCountry "ENG"]
[WhiteElo "887"]
[WhiteRD "130"]
[BlackElo "861"]
[BlackRD "53"]
[GameID "227021"]

1. d4 d6 2. Nf3 Nc6 3. e3 f6 4. Nbd2 e5 5. dxe5 fxe5 6. c3 Be7 7. Qc2 Nh6 8. Be2 Nf5 9. Bd3 Nh6 10. O-O g6
11. h3 Na5 12. Qa4+ Nc6 13. b4 Rg8 14. b5 Nb8 15. Qb3 a6 16. Bb2 c6 17. bxc6 Rf8
0-1

[Event "Somar's 1st Tournament"]
[Site "SchemingMind.com"]
[Date "2009.11.18"]
[Round "-"]
[White "Paris75"]
[Black "feelhow"]
[Result "0-1"]
[WhiteCountry "FRA"]
[BlackCountry "GBR"]
[WhiteElo "887"]
[WhiteRD "130"]
[BlackElo "1095"]
[BlackRD "98"]
[GameID "227022"]

1. d4 e6 2. Nf3 Nc6 3. e3 Nf6 4. c3 d5 5. Bd3 Ng4 6. Qe2 Qf6 7. Nbd2 e5 8. dxe5 Qe6 9. Nd4 Qxe5 10. N2f3 Qh5
0-1

[Event "Somar's 1st Tournament"]
[Site "SchemingMind.com"]
[Date "2009.11.18"]
[Round "-"]
[White "Paris75"]
[Black "somar96"]
[Result "0-1"]
[WhiteCountry "FRA"]
[BlackCountry "POL"]
[WhiteElo "887"]
[WhiteRD "130"]
[BlackElo "1890"]
[BlackRD "56"]
[GameID "227023"]

1. d4 Nf6 2. Nf3 g6 3. b3 Bg7 4. Bb2 O-O 5. e3 c5 6. c3 Nc6 7. Bd3 b6 8. Nbd2 Bb7 9. Qc2 Rc8 10. Qd1 d5
11. O-O Re8 12. Re1 e5 13. Bc2 cxd4 14. cxd4 e4 15. Ne5 Nxe5 16. dxe5 Nd7 17. f4 Nf8 18. Nf1 Ne6 19. a4 Qd7
0-1

[Event "Somar's 1st Tournament"]
[Site "SchemingMind.com"]
[Date "2009.11.18"]
[Round "-"]
[White "lame wolf"]
[Black "Paris75"]
[Result "0-1"]
[WhiteCountry "INT"]
[BlackCountry "FRA"]
[WhiteElo "1097"]
[WhiteRD "53"]
[BlackElo "1547"]
[BlackRD "306"]
[GameID "227024"]

1. b4 Nf6 2. a3 d5 3. Bb2 Nbd7 4. d4 e6 5. e3 c6 6. c4 Be7 7. c5 b6 8. Nf3 bxc5 9. b5 cxb5 10. a4 c4
11. Nc3 b4 12. Ne2 a5 13. g3 O-O 14. Bg2 Ne4 15. Ne5 Bb7 16. Bxe4 Nxe5 17. dxe5 dxe4 18. O-O c3 19. Bxc3 bxc3 20. Qxd8 Raxd8
21. Nxc3 Ba6 22. Rfd1 Bb4 23. Nb5 Bxb5 24. Rxd8 Rxd8 25. axb5 g6 26. Kg2 Rb8 27. f3 Rxb5 28. f4 Rc5 29. Kh3 Rc3 30. Re1 Rc2
31. Rg1 a4 32. Ra1 a3
0-1

[Event "Somar's 1st Tournament"]
[Site "SchemingMind.com"]
[Date "2009.11.18"]
[Round "-"]
[White "nammy"]
[Black "Paris75"]
[Result "1-0"]
[WhiteCountry "ENG"]
[BlackCountry "FRA"]
[WhiteElo "861"]
[WhiteRD "53"]
[BlackElo "887"]
[BlackRD "130"]
[GameID "227026"]

1. e4 c6 2. d4 d5 3. Nc3 dxe4 4. Nxe4 Nd7 5. Be2 Ngf6 6. f3 g6 7. Nf2 Bg7 8. Bd2 O-O 9. f4 Nb6 10. h3 Qxd4
11. Nd3 Qd8 12. Nf3 Nfd5 13. Rb1 Nc4 14. Bc3 Nxc3 15. bxc3 Bxc3+ 16. Kf2 Nd6 17. Nc1
1-0

[Event "Somar's 1st Tournament"]
[Site "SchemingMind.com"]
[Date "2009.11.18"]
[Round "-"]
[White "somar96"]
[Black "Paris75"]
[Result "1-0"]
[WhiteCountry "POL"]
[BlackCountry "FRA"]
[WhiteElo "1890"]
[WhiteRD "56"]
[BlackElo "887"]
[BlackRD "130"]
[GameID "227028"]

1. e4 c6 2. c4 Qc7 3. Nc3 Nf6 4. Nf3 d6 5. d4 Nbd7 6. Bd3 g6 7. O-O Bg7 8. Bf4 e5 9. Bg3 O-O 10. Rc1 Re8
11. c5 dxc5 12. dxe5 Nxe5 13. Nxe5 Rxe5 14. f4 Re8 15. e5 Nd5 16. Qe2 Be6 17. Ne4 b6 18. Nd6 Re7 19. Be4
1-0

[Event "Somar's 1st Tournament"]
[Site "SchemingMind.com"]
[Date "2009.11.18"]
[Round "-"]
[White "dtedesco"]
[Black "lame wolf"]
[Result "1-0"]
[WhiteCountry "CAN"]
[BlackCountry "INT"]
[WhiteElo "1483"]
[WhiteRD "68"]
[BlackElo "1055"]
[BlackRD "45"]
[GameID "227175"]

1. c4 c5 2. Nc3 e6 3. Nf3 d6 4. e4 Nc6 5. d3 a6 6. g3 b5 7. Bg2 b4 8. Ne2 Bb7 9. O-O Be7 10. b3 a5
11. Bb2 Qd7 12. Bxg7 f6 13. Bxh8 O-O-O 14. d4 Na7 15. Qd2 Bxe4 16. a3 Bxf3 17. Bxf3 Bf8 18. axb4 axb4 19. Ra6 d5 20. dxc5 dxc4
21. Qxb4 Qd3 22. Bb7+ Kb8 23. Be4+ Kc8 24. Qb7#
1-0

[Event "Somar's 1st Tournament"]
[Site "SchemingMind.com"]
[Date "2009.11.19"]
[Round "-"]
[White "dtedesco"]
[Black "smothered mate"]
[Result "0-1"]
[WhiteCountry "CAN"]
[BlackCountry "POL"]
[WhiteElo "1498"]
[WhiteRD "69"]
[BlackElo "1874"]
[BlackRD "70"]
[GameID "227176"]

1. c4 e6 2. Nc3 d5 3. d4 c5 4. cxd5 exd5 5. Nf3 Nc6 6. g3 cxd4 7. Nxd4 Qb6 8. e3 Nf6 9. Bg2 Bg4 10. Bf3 Nxd4
11. exd4 Bxf3 12. Qxf3 Qxd4 13. O-O Be7 14. Re1 Kf8 15. Be3 Qc4 16. Red1 Rd8 17. Bxa7 h5 18. b3 Qc8 19. Nxd5 Rxd5 20. Rxd5 h4
21. Rad1 hxg3 22. R5d4 gxh2+ 23. Kg2 Rh6 24. Bb6 Rg6+ 25. Kxh2 Ng4+ 26. Kh1 Nxf2+ 27. Qxf2 Qh3+ 28. Qh2 Qf3+ 29. Qg2 Qxg2#
0-1

[Event "Somar's 1st Tournament"]
[Site "SchemingMind.com"]
[Date "2009.11.18"]
[Round "-"]
[White "dtedesco"]
[Black "nammy"]
[Result "1-0"]
[WhiteCountry "CAN"]
[BlackCountry "ENG"]
[WhiteElo "1483"]
[WhiteRD "68"]
[BlackElo "885"]
[BlackRD "57"]
[GameID "227177"]

1. e4 Nf6 2. Nc3 e6 3. d4 d5 4. Bd3 Nc6 5. e5 Nd7 6. Nf3 f6 7. exf6 gxf6 8. Nh4 Be7 9. Qg4 Nf8 10. Qg7 Kd7
11. Qxh8 b6 12. Bf4 Nxd4 13. O-O e5 14. Be3 a6 15. Nf5 Nc6 16. Nxd5 Na5 17. Rad1 c6 18. Nxb6+ Ke6 19. Nxa8 Bb7 20. Bc4+ Kxf5
21. Rxd8 Bxd8 22. Qxf8 Nxc4 23. Qxd8 Nxb2 24. Nc7 Nc4 25. Bc1 e4 26. Ne8 a5 27. Qxf6+ Kg4 28. Qg5#
1-0

[Event "Somar's 1st Tournament"]
[Site "SchemingMind.com"]
[Date "2009.11.18"]
[Round "-"]
[White "dtedesco"]
[Black "somar96"]
[Result "0-1"]
[WhiteCountry "CAN"]
[BlackCountry "POL"]
[WhiteElo "1483"]
[WhiteRD "68"]
[BlackElo "1914"]
[BlackRD "62"]
[GameID "227179"]

1. c4 Nf6 2. Nc3 c5 3. Nf3 Nc6 4. g3 e5 5. d3 d5 6. cxd5 Nxd5 7. Nxd5 Qxd5 8. Bg2 Be7 9. O-O O-O 10. Ng5 Qd8
11. a3 Bxg5 12. Bxg5 Qxg5 13. Rc1 Qe7 14. Qc2 Nd4 15. Qd2 Nb3 16. Qc3 Nxc1 17. Rxc1 Bg4 18. Qxc5 Qxc5 19. Rxc5 Bxe2 20. Rxe5 Bxd3
21. Bxb7 Rab8
0-1

[Event "Somar's 1st Tournament"]
[Site "SchemingMind.com"]
[Date "2009.11.19"]
[Round "-"]
[White "lame wolf"]
[Black "dtedesco"]
[Result "0-1"]
[WhiteCountry "INT"]
[BlackCountry "CAN"]
[WhiteElo "1055"]
[WhiteRD "45"]
[BlackElo "1483"]
[BlackRD "68"]
[GameID "227181"]

1. g4 e5 2. h3 Nc6 3. Bg2 d5 4. e4 d4 5. d3 h6 6. f4 f6 7. f5 Bb4+ 8. Bd2 Nge7 9. Bxb4 Nxb4 10. Na3 b6
11. Ne2 Bb7 12. Nc1 Qd7 13. Qe2 Qa4 14. Qd2 g6 15. Nb3 O-O-O 16. c3 dxc3 17. Qxc3 Nxd3+ 18. Qxd3 Rxd3 19. Rd1 Rhd8 20. Rxd3 Bxe4
21. Rc3 Bxg2 22. Rg1 Qe4+ 23. Kf2 Qf3+ 24. Rxf3 Bxf3 25. Kxf3 Rd3+ 26. Kg2 gxf5 27. gxf5 Nxf5 28. Nc1 Nh4+ 29. Kh2 Rd2+ 30. Kg3 Nf5+
31. Kg4 Ne3+ 32. Kf3 Nd5 33. b3 c6 34. Nc4 Rc2 35. Ke4 Kc7 36. Rd1 Kd7
0-1

[Event "Somar's 1st Tournament"]
[Site "SchemingMind.com"]
[Date "2009.11.19"]
[Round "-"]
[White "smothered mate"]
[Black "dtedesco"]
[Result "1-0"]
[WhiteCountry "POL"]
[BlackCountry "CAN"]
[WhiteElo "1882"]
[WhiteRD "69"]
[BlackElo "1483"]
[BlackRD "68"]
[GameID "227182"]

1. e4 c5 2. c3 Nc6 3. d4 d6 4. Bb5 cxd4 5. cxd4 Bd7 6. Nc3 e6 7. Nf3 g6 8. O-O Bg7 9. Bf4 Qe7 10. Re1 Nf6
11. Nd5 exd5 12. exd5 Ne5 13. dxe5 dxe5 14. Rxe5 Qxe5 15. Bxd7+ Nxd7 16. Nxe5 Nxe5 17. Bxe5 Bxe5 18. Qe2 f6 19. f4 O-O 20. fxe5 fxe5
21. Qxe5 Rfe8 22. Qc7 b5 23. d6 a5 24. d7 Red8 25. Re1
1-0

[Event "Somar's 1st Tournament"]
[Site "SchemingMind.com"]
[Date "2009.11.19"]
[Round "-"]
[White "nammy"]
[Black "dtedesco"]
[Result "0-1"]
[WhiteCountry "ENG"]
[BlackCountry "CAN"]
[WhiteElo "885"]
[WhiteRD "57"]
[BlackElo "1483"]
[BlackRD "68"]
[GameID "227183"]

1. e4 c5 2. Nf3 Nc6 3. Nc3 e6 4. d4 cxd4 5. Ne2 Bb4+ 6. Nd2 Nf6 7. c3 dxc3 8. Nc4 cxb2+ 9. Bd2 bxa1=Q 10. Qxa1 Nxe4
11. Qxg7 Qh4 12. Qxh8+ Ke7 13. g3 Qf6 14. Qxh7 Bxd2+ 15. Kd1 Nxf2+ 16. Kxd2 Nxh1 17. Bg2 Qg5+ 18. Kc3 Nf2 19. h4 Qf6+ 20. Kb3 Nd4+
21. Nxd4 Qxd4 22. Na5 b6 23. Bxa8 bxa5 24. Qh8 Qb6+ 25. Kc2 Ba6 26. Qh5 Qc5+ 27. Kb3 Bc4+ 28. Kc2 Bd3+ 29. Kd2 Qc2+ 30. Ke3 Nd1+
31. Kf4 Qd2+ 32. Ke5 Qe2+ 33. Qxe2 Bxe2 34. Bb7 d5 35. Bc6 d4 36. Kxd4 f5 37. Kc5 e5 38. Bd5 Nc3 39. Bg8 Nxa2 40. Bh7 Kf6
41. Kd6 f4 42. g4 Bxg4 43. Kc7 f3 44. Kb8 f2 45. Bd3 Nc1 46. Be4 f1=Q 47. Kxa7 Qb5 48. Bh7 a4 49. Bg8 a3 50. Ka8 Nb3
51. Bh7 a2 52. Bc2 a1=Q#
0-1

[Event "Somar's 1st Tournament"]
[Site "SchemingMind.com"]
[Date "2009.11.19"]
[Round "-"]
[White "somar96"]
[Black "dtedesco"]
[Result "1-0"]
[WhiteCountry "POL"]
[BlackCountry "CAN"]
[WhiteElo "1914"]
[WhiteRD "62"]
[BlackElo "1483"]
[BlackRD "68"]
[GameID "227185"]

1. e4 c5 2. Nf3 Nc6 3. d4 e6 4. d5 exd5 5. exd5 Na5 6. Bd3 d6 7. O-O Nf6 8. Re1+ Be7 9. c4 O-O 10. Nc3 Bd7
11. Bg5 h6 12. Bh4 Re8 13. Qc2 b6 14. Re2 Bg4 15. Rae1 Bxf3 16. gxf3 Nh5 17. Bxe7 Rxe7 18. Rxe7 Nf4 19. Re8+ Qxe8 20. Rxe8+ Rxe8
21. Be4 Nxc4 22. Qa4 Re7 23. Qxc4
1-0

[Event "Somar's 1st Tournament"]
[Site "SchemingMind.com"]
[Date "2009.11.19"]
[Round "-"]
[White "MOIMOI"]
[Black "lame wolf"]
[Result "1-0"]
[WhiteCountry "POL"]
[BlackCountry "INT"]
[WhiteElo "1604"]
[WhiteRD "57"]
[BlackElo "1097"]
[BlackRD "53"]
[GameID "227282"]

1. Nf3 Nc6 2. d4 d5 3. Bg5 Qd7 4. e3 e6 5. Bb5 Be7 6. Bxe7 Ngxe7 7. Bxc6 Nxc6 8. a3 O-O 9. Nbd2 b5 10. Nf1 Qe7
11. Ng3 e5 12. dxe5 Nxe5 13. Qxd5 c6 14. Qxe5 Qxe5 15. Nxe5 c5 16. O-O Be6 17. Ne4 c4 18. Nc5 a5 19. Nxe6 fxe6 20. Rad1 b4
21. Nd7 Rf7 22. Nb6 Rb8 23. Nxc4 bxa3 24. bxa3 g6 25. Nxa5 Ra8 26. Nc4 Rc7 27. Rd4 e5 28. Nxe5 Rxc2 29. Rfd1 Rxa3 30. g4 Kg7
31. g5 Raa2 32. Rd8 Rxf2 33. R1d7+
1-0

[Event "Somar's 1st Tournament"]
[Site "SchemingMind.com"]
[Date "2009.11.20"]
[Round "-"]
[White "MOIMOI"]
[Black "smothered mate"]
[Result "0-1"]
[WhiteCountry "POL"]
[BlackCountry "POL"]
[WhiteElo "1568"]
[WhiteRD "51"]
[BlackElo "1874"]
[BlackRD "70"]
[GameID "227283"]

1. Nf3 d5 2. d4 c5 3. c3 e6 4. e3 Nc6 5. Bb5 Bd7 6. Bxc6 Bxc6 7. Ne5 Bb5 8. Na3 Qa5 9. Nd3 Bxd3 10. Qxd3 c4
11. Qd1 Bxa3 12. bxa3 Qxc3+ 13. Bd2 Qxa3 14. O-O Nf6 15. f3 O-O 16. Qc2 Rfc8 17. Rfb1 Rab8 18. Kf2 Qd6 19. g3 b5 20. a3 Qc7
21. Bc3 h5 22. h4 Ne8 23. Qe2 Nd6 24. Rg1 a5 25. Rab1 Rb7 26. Rb2 Rcb8 27. Rgb1 Nf5 28. f4 Nd6 29. Qc2 Ne4+ 30. Kf3 Qd7
31. Be1 e5 32. Qh2 Qg4+ 33. Kg2 c3 34. Rc2 exd4 35. exd4 b4 36. axb4 axb4 37. Qg1 b3 38. Rxc3 Qe2+ 39. Kh3 Nxc3 40. Bxc3 Rc8
41. Qe1 Qf3 42. Bb2 Rc2
0-1